Statistics for Countries above the Tree Line

Click here to take the quiz!

General Stats

  • This quiz has been taken 30 times
    (14 since last reset)
  • The average score is 83 of 95

Answer Stats

ContinentCountry% Correct
South AmericaArgentina
100%
OceaniaAustralia
100%
South AmericaBolivia
100%
South AmericaBrazil
100%
North AmericaCanada
100%
South AmericaChile
100%
South AmericaColombia
100%
South AmericaEcuador
100%
North AmericaGuatemala
100%
North AmericaMexico
100%
OceaniaNew Zealand
100%
North AmericaNicaragua
100%
North AmericaPanama
100%
OceaniaPapua New Guinea
100%
South AmericaPeru
100%
North AmericaUnited States
100%
AsiaAfghanistan
88%
EuropeAlbania
88%
AfricaAlgeria
88%
EuropeAndorra
88%
AsiaArmenia
88%
EuropeAustria
88%
AsiaAzerbaijan
88%
AsiaBhutan
88%
EuropeBosnia and Herzegovina
88%
EuropeBulgaria
88%
North AmericaCosta Rica
88%
EuropeCroatia
88%
EuropeCzech Republic
88%
AfricaDemocratic Republic of the Congo
88%
Europe/North AmericaDenmark
88%
AfricaEthiopia
88%
EuropeFinland
88%
Europe/North America/Antarctica/AfricaFrance
88%
AsiaGeorgia
88%
EuropeGermany
88%
EuropeIceland
88%
AsiaIndia
88%
AsiaIndonesia
88%
AsiaIran
88%
AsiaIraq
88%
EuropeIreland
88%
EuropeItaly
88%
AsiaJapan
88%
AfricaKenya
88%
EuropeKosovo
88%
AsiaKyrgyzstan
88%
EuropeLiechtenstein
88%
AfricaMalawi
88%
AsiaMalaysia
88%
AfricaMorocco
88%
AsiaMyanmar
88%
AsiaNepal
88%
AfricaNigeria
88%
AsiaNorth Korea
88%
Europe/AntarcticaNorway
88%
AsiaPakistan
88%
EuropePoland
88%
EuropePortugal
88%
EuropeRomania
88%
Europe/AsiaRussia
88%
EuropeSerbia
88%
EuropeSlovakia
88%
EuropeSlovenia
88%
AfricaSouth Africa
88%
AsiaSouth Korea
88%
EuropeSpain
88%
EuropeSweden
88%
EuropeSwitzerland
88%
AsiaSyria
88%
AsiaTajikistan
88%
AfricaTanzania
88%
AsiaTurkey
88%
AfricaUganda
88%
EuropeUkraine
88%
Europe/Africa/South America/AntarcticaUnited Kingdom
88%
AsiaUzbekistan
88%
South AmericaVenezuela
88%
AfricaZambia
88%
AfricaZimbabwe
88%
AsiaChina
75%
AsiaEast Timor
75%
EuropeGreece
75%
AsiaIsrael
75%
AsiaKazakhstan
75%
AsiaLebanon
75%
AfricaLesotho
75%
EuropeMontenegro
75%
AfricaMozambique
75%
EuropeNorth Macedonia
75%
AsiaPhilippines
75%
AfricaRwanda
75%
AsiaVietnam
75%
AfricaMadagascar
63%
AfricaCameroon
50%

Score Distribution

Percentile by Number Answered

Percent of People with Each Score

Your Score History

You have not taken this quiz since the last reset